Edad y crecimiento del dientudo (Oligosarcus jenynsii) en los canales de riego y drenaje del valle inferior del río Colorado, Argentina /

Guardado en:
Autor Principal: Bork, Sebastián Andrés.
Autor Corporativo: Universidad Nacional del Sur. Departamento de Biología, Bioquímica y Farmacia.
Otros Autores: Lopez Cazorla, Andrea, (dir. de tesina.)
Formato: Manuscrito
Idioma:Spanish
Publicado: 2010.
Materias:
Etiquetas: Agregar Etiqueta
Sin Etiquetas, Sea el primero en etiquetar este registro!
LEADER 01228ntm a22002895a 4500
001 EUN.eunm003607
005 20130708115401.0
008 110705s2010####ag#a#####b####000#0#spa#d
082 0 4 |a 597.5  |2 15 
100 1 |a Bork, Sebastián Andrés. 
245 1 0 |a Edad y crecimiento del dientudo (Oligosarcus jenynsii) en los canales de riego y drenaje del valle inferior del río Colorado, Argentina /  |c Sebastián Andrés Bork ; director: Andrea López Cazorla. 
260 |c 2010. 
300 |a 31 h. :  |b il. ;  |c 30 cm. 
500 |a "Tesina de Licenciatura en Ciencias Biológicas". 
502 |a Tesina (licenciatura)--Universidad Nacional del Sur. Departamento de Biología, Bioquímica y Farmacia, 2010. 
504 |a Incluye referencias bibliográficas. 
650 7 |a Zoología.  |2 unbist 
650 7 |a Peces.  |2 unbist 
650 7 |a Characidae.  |2 Icyt 
650 7 |a Crecimiento.  |2 Icyt 
650 7 |a Talla.  |2 Icyt 
653 |a Estructura etaria 
653 |a Tesinas 
653 |a Buenos Aires (Argentina : Provincia) 
700 1 |a Lopez Cazorla, Andrea,  |e dir. de tesina. 
710 2 |a Universidad Nacional del Sur.  |b Departamento de Biología, Bioquímica y Farmacia. 
859 |a AR-BaUNS  |b BIB. CENTRAL - Sector A  |h 597.5  |i B644  |p 122301/011